000 00624nam a2200229Ia 4500
003 OSt
005 20230612112708.0
008 210423s2017 xx 000 0 und d
020 _a987-81-775-8811-8
040 _cAL
041 _aeng
082 _a332.632
_223
_bFISS
100 _aFISCHER (Donald E);JORDAN (Ronald J)
_975877
245 _aSecurity analysis and portfolio management Ed 6
250 _a6
260 _aNoida
_bPearson
_c2017
300 _axi,691
_bPB
365 _b779
_cINR
650 _aInvestment Management
_975878
906 _aanalysis ; management ; portfolio ; Security
942 _2ddc
_cBK
999 _c168595
_d168595